1528 1517 1397 1810 1747 1452 1696 1479 1407 1011 1258 1228 1052 1908 1716 1428 1470 1877 1583 1860 1171 1939 1172 1280 1858 1123 1905 1300 1406 1976 1091 1366 1348 1428 1929 1259 1599 1967 1615 1351 1538 1589 1826 1399 1097 1353 1779 1750 1962 1056 1465 1990 1514 1837 1202 1601 1663 1182 1078 1720 1956 1365 1792 1861 1292 1643 1232 1821 1587 1875 1845 1529 1666 1996 1292 1922 1789 1982 1401 1334 1759 1450 1608 1738 1929 1985 1089 1280 1223 1501 1993 1763 1709 1361 1587 1803 1672 1338 1524 BCNSPRNW ULIB Ver.6.0+V

เปลี่ยนเป็นภาษาไทย

Change to English
 แสดงรายละเอียดบรรณานุกรม
  กลับหน้าหลัก

Brief Record : Get Marc (ISO 2709) : E-mail record : QR code < ปิดหน้าต่าง
LEADER : 00000nam 2200000uu 4500
001    13399112612
003     ULIB
008    110213s2545||||th 000 0 tha d
020    97486517
060 04 WY161^bก496 2541
245 00 การพยาบาลทางศัลยศาสตร์ เล่ม1 /^cสมพร ชินโนรส,บรรณาธิการ
250    พิมพ์ครั้งที่ 5
260    กรุงเทพฯ :^bภาควิชาพยาบาลศาสตร์คณะแพทยศาสตร์โรงพยาบาลรามาธิบดี มหาวิทยาลัยมหิดล,^c2545
300    4 เล่ม :^bภาพประกอบ ;^c2541
504    มีบรรณานุกรมและดรรชนี
650  7 การพยาบาลศัลยศาสตร์
650  7 การพยาบาลผู้ป่วยรับการผ่าตัด
700 0  สมพร ชินโนรส,^eบรรณาธิการ
710 2  มหาวิทยาลัยมหิดล. ^bคณะแพทยศาสตร์โรงพยาบาลรามาธิบดี.^bภาควิชาพยาบาลศาสตร์
945    ^p0^l0^i014034
945    ^p0^l0^i014035
945    ^p0^l0^i014036
945    ^p0^l0^i014037
945    ^p0^l0^i014038
945    ^p0^l0^i014039
995    ทศพร
999 ^a ใช้งานได้ทุกระบบ
รายการนี้ยังไม่มีแท็ก
คุณยังไม่ได้ล็อกอิน คุณสามารถมีกิจกรรมร่วมกับเว็บไซต์ได้ แต่ต้องล็อกอินก่อน ::
  ล็อกอิน

รายการสื่อสารสนเทศ

ลำดับที่ ประเภท เลขเรียก/บาร์โค้ด สถานที่ สถานะ
- ไม่พบข้อมูล -

รายการใกล้เคียง
    หัวเรื่อง [การพยาบาลศัลยศาสตร์]
    หัวเรื่อง [การพยาบาลผู้ป่วยรับการผ่าตัด]

BibComment


ยังไม่เคยถูกคอมเมนท์

คอมเมนท์ทรัพยากรรายการนี้
  คอมเมนท์: การพยาบาลทางศัลยศ..


 Copyright 2026. Bcnsprnw @Library